Catálogo

Dictaduras y dictadores / (Registro nro. 41854)

Detalles MARC
000 -LEADER
fixed length control field 01352cam a2200361 i 4500
001 - CONTROL NUMBER
control field 41854
003 - CONTROL NUMBER IDENTIFIER
control field Mx-PuUPA
005 - DATE AND TIME OF LATEST TRANSACTION
control field 20251007094536.0
008 - FIXED-LENGTH DATA ELEMENTS--GENERAL INFORMATION
fixed length control field 140415s1986 mx gr 000 0 spa d
020 ## - INTERNATIONAL STANDARD BOOK NUMBER
International Standard Book Number 9682313481
040 ## - CATALOGING SOURCE
Transcribing agency Mx-PuUPA
Original cataloging agency Mx-PuUPA
Language of cataloging spa
Modifying agency Mx-PuUPA
Description conventions rda
041 0# - LANGUAGE CODE
Language code of text/sound track or separate title spa
043 ## - GEOGRAPHIC AREA CODE
Geographic area code cl-----
245 00 - TITLE STATEMENT
Title Dictaduras y dictadores /
Statement of responsibility, etc. por Alain Rouquié, Waldo Ansaldi, Segio Guerra Vilaboy [y otros cinco] ; coordinado por Julio Labastida Martín del Campo
250 ## - EDITION STATEMENT
Edition statement primera edición
264 #1 - PRODUCTION, PUBLICATION, DISTRIBUTION, MANUFACTURE, AND COPYRIGHT NOTICE
Place of production, publication, distribution, manufacture México, D.F. :
Name of producer, publisher, distributor, manufacturer Siglo Veintiuno Editores,
Date of production, publication, distribution, manufacture, or copyright notice 1986
300 ## - PHYSICAL DESCRIPTION
Extent 239 páginas ;
Dimensions 21 cm
336 ## - CONTENT TYPE
Fuente rdacontent
Content type term texto
Content type code txt
337 ## - MEDIA TYPE
Source rdamedia
Media type term sin medio
Media type code n
338 ## - CARRIER TYPE
Source rdacarrier
Carrier type term volumen
Carrier type code nc
650 #7 - SUBJECT ADDED ENTRY--TOPICAL TERM
9 (RLIN) 13986
Source of heading or term armarc
Topical term or geographic name entry element Dictadores
Geographic subdivision América Latina
650 #7 - SUBJECT ADDED ENTRY--TOPICAL TERM
Source of heading or term armarc
Topical term or geographic name entry element Historia de Iberoamérica
Chronological subdivision Siglo XIX
650 #7 - SUBJECT ADDED ENTRY--TOPICAL TERM
Source of heading or term armarc
Topical term or geographic name entry element Dictadura
Geographic subdivision América Latina
650 #7 - SUBJECT ADDED ENTRY--TOPICAL TERM
Source of heading or term armarc
Topical term or geographic name entry element Historia de Iberoamérica
Chronological subdivision Siglo XX
700 1# - ADDED ENTRY--PERSONAL NAME
Personal name Rouquié, Alain,
Relator term autor
700 1# - ADDED ENTRY--PERSONAL NAME
Personal name Ansaldi, Waldo,
Relator term autor
700 1# - ADDED ENTRY--PERSONAL NAME
Personal name Guerra Vilaboy, Sergio,
Relator term autor
700 1# - ADDED ENTRY--PERSONAL NAME
Personal name Labastida Martín del campo, Julio,
Relator term Coordinador
9 (RLIN) 15969
942 ## - ADDED ENTRY ELEMENTS (KOHA)
Source of classification or shelving scheme Dewey Decimal Classification
Koha item type Libro
Classification part 321.90980904
Item part D54
Existencias
Withdrawn status Lost status Source of classification or shelving scheme Damaged status Not for loan Collection code Home library Current library Shelving location Date acquired Source of acquisition Total Checkouts Full call number Barcode Date last seen Price effective from Koha item type
    Dewey Decimal Classification     General Biblioteca Karol Wojtyla Biblioteca Karol Wojtyla Sala general 03/12/2013 Donación   321.90980904 D54 1986 63114 05/01/2026 03/12/2013 Libro